000 00450nam a2200169 a 4500
003 0
005 20170418152324.0
008 031007s19uu xx 00 eng d
020 _a983-2584-35-3
050 _aER
_bB11p 1994
245 _aBarney says "Please and thank you".
260 _aNew York :
_bScholastic,Inc.
_c1994.
300 _a1 v. (unp.) ; ill.
650 _aChildren stories--Chinese (Mandarin)
942 _2ddc
_cBK
999 _c105067
_d105067